| 000 | 00505nam a22001817a 4500 | ||
|---|---|---|---|
| 005 | 20250325160737.0 | ||
| 008 | 250325b |||||||| |||| 00| 0 eng d | ||
| 020 | _a9780857935311 | ||
| 041 | _aEng. | ||
| 082 | _a338.04 NIE | ||
| 100 | _aNielsen, Lowe Suna | ||
| 245 | _aEntrepreneurship in Theory and Practice: Paradoxes in Play | ||
| 260 |
_aUK _bEdward Elgar _c2014 |
||
| 300 | _a236;. P 24 cm | ||
| 650 | _aEntrepreneurship | ||
| 700 | _aKlyver, Kim and Evald, Rosrgaard Majbritt | ||
| 942 | _cBK | ||
| 999 |
_c43395 _d43395 |
||